[Event "Gibraltar Masters 2015"]
[Site "Caleta ENG"]
[Date "2015.01.29"]
[Round "3.18"]
[White "Roiz, Michael"]
[Black "Soumya, Swaminathan"]
[Result "1-0"]
[WhiteTitle "GM"]
[BlackTitle "WGM"]
[WhiteElo "2592"]
[BlackElo "2346"]
[WhiteFideId "2804158"]
[BlackFideId "5016193"]
[EventDate "2015.01.27"]

1. Nf3 Nf6 2. g3 g6 3. b3 Bg7 4. Bb2 O-O 5. Bg2 d6 6. d4 e5 7. dxe5 Nfd7 8. O-O
Nc6 9. Qd2 Ndxe5 10. Nxe5 dxe5 11. Rd1 Bf5 12. Bxc6 bxc6 13. Na3 Qe7 14. Qc3 Qe6
15. Nc4 Rfe8 16. Na5 h5 17. Qxc6 Qe7 18. Nc4 Rad8 19. Ne3 Be6 20. Nd5 Bxd5 21.
Rxd5 Rxd5 22. Qxd5 Rd8 23. Qc4 Rd2 24. Rf1 Qd7 25. e4 h4 26. Bc1 Rd4 27. Qe2 Qc6
28. Re1 Bf8 29. Bb2 Rd8 30. Bxe5 Re8 31. Bd4 hxg3 32. hxg3 f5 33. Qd2 Rxe4 34.
Rxe4 Qxe4 35. Bxa7 Bd6 36. Be3 Kf7 37. Qd3 Qf3 38. Bf4 Qa8 39. Bxd6 cxd6 40. a4
Ke7 41. c4 Qa5 42. Qd4 Qb4 43. Qg7+ 1-0

[Event "Gibraltar Masters 2015"]
[Site "Caleta ENG"]
[Date "2015.01.29"]
[Round "3.19"]
[White "Houska, Jovanka"]
[Black "Vazquez Igarza, Renier"]
[Result "0-1"]
[WhiteTitle "IM"]
[BlackTitle "GM"]
[WhiteElo "2388"]
[BlackElo "2592"]
[WhiteFideId "405094"]
[BlackFideId "3503054"]
[EventDate "2015.01.27"]

1. d4 Nf6 2. Nf3 e6 3. c4 b6 4. g3 Ba6 5. b3 Bb4+ 6. Bd2 Be7 7. Bg2 c6 8. O-O d5
9. Ne5 Nfd7 10. Nxd7 Nxd7 11. Bc3 O-O 12. Nd2 f5 13. a4 Nf6 14. a5 b5 15. c5 Qe8
16. Nf3 Ne4 17. Qc2 Bf6 18. b4 Bc8 19. Bb2 Bd7 20. Ra3 Qe7 21. Ne1 Bg5 22. e3
Be8 23. Qe2 Nf6 24. Nd3 Bh5 25. f3 Rac8 26. Ne5 Nd7 27. Raa1 Bf6 28. Qd2 Nxe5
29. dxe5 Bg5 30. Qd4 Bh6 31. Rae1 a6 32. Bc1 Rcd8 33. h3 Bf7 34. Kh2 g5 35. Rh1
f4 36. exf4 gxf4 37. Bxf4 Bxf4 38. Qxf4 d4 39. Rd1 Bg6 40. Qg4 d3 41. h4 Kh8 42.
h5 Be8 43. Bf1 Rg8 44. Qf4 Bxh5 45. Rxd3 Rdf8 46. Qh4 Qxh4+ 47. gxh4 Rf4 48. Bh3
Rxh4 49. Rhd1 Rxb4 50. Bxe6 Bf7 51. Bg4 h5 52. Rd7 Be8 53. Be6 Rh4+ 54. Bh3 Bxd7
55. Rxd7 Rf4 56. Rd6 Rxf3 57. Rh6+ Kg7 58. Rxc6 Re3 59. Rxa6 Rxe5 60. c6 Rc5 61.
Bd7 Rf8 62. Ra7 Rf3 63. Bg4+ Rf7 64. Bd7 Rxc6 65. Bxc6 Rxa7 66. Bxb5 Rxa5 67.
Be8 Kh6 0-1

[Event "Gibraltar Masters 2015"]
[Site "Caleta ENG"]
[Date "2015.01.29"]
[Round "3.22"]
[White "Matlakov, Maxim"]
[Black "Wagner, Dennis"]
[Result "1/2-1/2"]
[WhiteTitle "GM"]
[BlackTitle "IM"]
[WhiteElo "2695"]
[BlackElo "2501"]
[WhiteFideId "4168003"]
[BlackFideId "24650684"]
[EventDate "2015.01.27"]

1. d4 Nf6 2. c4 g6 3. Nc3 d5 4. cxd5 Nxd5 5. e4 Nxc3 6. bxc3 Bg7 7. Nf3 c5 8.
Be3 Bg4 9. Rc1 O-O 10. Be2 Qa5 11. O-O Qxa2 12. Ra1 Qe6 13. h3 Bxf3 14. Bxf3 Qd7
15. Rb1 cxd4 16. cxd4 a5 17. Bg4 Qc6 18. e5 Qc7 19. Qa4 e6 20. Bf3 Nc6 21. Rb5
Rfc8 22. Rfb1 Rab8 23. Bxc6 bxc6 24. Rxb8 Rxb8 25. Rxb8+ Qxb8 26. Qxa5 h5 27.
Qa6 c5 28. dxc5 Bxe5 29. Qb6 Qa8 30. g3 h4 31. g4 Qf3 32. Qd8+ Kg7 33. Qd3 Kg8
34. Qd8+ Kg7 35. Qg5 Qd1+ 36. Kg2 Qd5+ 37. Kg1 Qd1+ 38. Kg2 Qd5+ 39. Kg1 Qd1+ 1/2-1/2

[Event "Gibraltar Masters 2015"]
[Site "Caleta ENG"]
[Date "2015.01.29"]
[Round "3.23"]
[White "Howell, David W L"]
[Black "Javakhishvili, Lela"]
[Result "1-0"]
[WhiteTitle "GM"]
[BlackTitle "IM"]
[WhiteElo "2670"]
[BlackElo "2486"]
[WhiteFideId "410608"]
[BlackFideId "13601458"]
[EventDate "2015.01.27"]

1. c4 Nf6 2. g3 e5 3. Bg2 c6 4. Nf3 e4 5. Nd4 d5 6. cxd5 cxd5 7. d3 Bc5 8. Nb3
Bb6 9. O-O O-O 10. Nc3 Bf5 11. Bg5 Re8 12. dxe4 dxe4 13. Qxd8 Bxd8 14. Nc5 Nbd7
15. Nxb7 Be7 16. Bf4 Nb6 17. Nb5 Nbd5 18. N7d6 Reb8 19. Nxf5 Rxb5 20. Nxe7+ Nxe7
21. b3 Ned5 22. Be5 Ne3 23. Bxf6 Nxf1 24. Bc3 Rc8 25. Be1 Nxh2 26. Kxh2 f5 27.
e3 Rbc5 28. g4 Rc1 29. Rxc1 Rxc1 30. Bb4 Rc2 31. Kg3 fxg4 32. a4 h5 33. Bxe4 Rb2
34. Bc3 1-0

[Event "Gibraltar Masters 2015"]
[Site "Caleta ENG"]
[Date "2015.01.29"]
[Round "3.24"]
[White "Iturrizaga Bonelli, Eduardo"]
[Black "Trent, Lawrence"]
[Result "1/2-1/2"]
[WhiteTitle "GM"]
[BlackTitle "IM"]
[WhiteElo "2649"]
[BlackElo "2470"]
[WhiteFideId "3901211"]
[BlackFideId "408638"]
[EventDate "2015.01.27"]

1. Nf3 Nf6 2. c4 g6 3. Nc3 Bg7 4. d4 O-O 5. e4 d6 6. Be2 e5 7. O-O Nc6 8. d5 Ne7
9. b4 a5 10. bxa5 c5 11. Nd2 Rxa5 12. Nb3 Ra6 13. f4 exf4 14. Bxf4 Nd7 15. Qd2
Ne5 16. Rf2 f5 17. Raf1 Nf7 18. h4 h6 19. Be3 h5 20. Bf4 Bd7 21. Bd3 Ne5 22. Bg5
Qe8 23. Re2 fxe4 24. Rxf8+ Qxf8 25. Nxe4 Nf5 26. Rf2 Ng4 27. Rf3 Be5 28. Nc3 Qg7
29. Ne2 Ra4 30. Nf4 b5 31. Ne6 Bh2+ 32. Kf1 Qe5 33. Bxf5 gxf5 34. Bd8 f4 35.
Nxf4 Qe4 36. Ne6 Qxc4+ 37. Ke1 Qe4+ 38. Kd1 Qb1+ 39. Nc1 Bxe6 40. Qg5+ Kh7 41.
Qe7+ Kh8 42. Qf8+ 1/2-1/2

[Event "Gibraltar Masters 2015"]
[Site "Caleta ENG"]
[Date "2015.01.29"]
[Round "3.25"]
[White "Salgado Lopez, Ivan"]
[Black "Almagro Llamas, Pablo"]
[Result "1-0"]
[WhiteTitle "GM"]
[BlackTitle "IM"]
[WhiteElo "2628"]
[BlackElo "2469"]
[WhiteFideId "2257327"]
[BlackFideId "2221799"]
[EventDate "2015.01.27"]

1. c4 e5 2. Nc3 Nc6 3. Nf3 g6 4. g3 Bg7 5. Bg2 d6 6. d3 f5 7. O-O Nf6 8. Rb1 a5
9. a3 O-O 10. b4 axb4 11. axb4 h6 12. b5 Ne7 13. Bb2 g5 14. c5 Ng6 15. b6 c6 16.
cxd6 Qxd6 17. Qc2 Be6 18. Na4 Nd7 19. Ra1 Ra5 20. Nd2 Rfa8 21. Nc4 Bxc4 22.
Qxc4+ Kh8 23. e4 Ne7 24. Rfe1 Qg6 25. Bc3 Rb5 26. exf5 Nxf5 27. Be4 Qf6 28. Nc5
Rxa1 29. Nxd7 Rxe1+ 30. Bxe1 Nd6 31. Nxf6 Nxc4 32. dxc4 Rc5 33. Nd7 Rxc4 34. f3
Kg8 35. Bf2 Rb4 36. Bg6 Rb5 37. Bd3 Rb2 38. Bc4+ Kh7 39. Bd3+ Kg8 40. Bg6 Rb5
41. g4 Bf8 42. Bd3 Ra5 43. Bc4+ Kg7 44. Nxf8 Kxf8 45. Be6 Ra8 46. Bc5+ Kg7 47.
Bd6 Kf6 48. Bf5 Rd8 49. Bc7 Rd2 50. Bc8 Ke7 51. Bxb7 Kd7 52. Bxe5 Re2 53. Bc7 c5
54. Bd5 Rd2 55. Bg3 1-0

[Event "Gibraltar Masters 2015"]
[Site "Caleta ENG"]
[Date "2015.01.29"]
[Round "3.26"]
[White "Sethuraman, S.P."]
[Black "Krush, Irina"]
[Result "1/2-1/2"]
[WhiteTitle "GM"]
[BlackTitle "GM"]
[WhiteElo "2624"]
[BlackElo "2467"]
[WhiteFideId "5021596"]
[BlackFideId "2012782"]
[EventDate "2015.01.27"]

1. e4 c5 2. Nf3 e6 3. d4 cxd4 4. Nxd4 Nc6 5. Nc3 Qc7 6. Be3 a6 7. Qf3 Bd6 8.
O-O-O Be5 9. Nxc6 bxc6 10. Bd4 Nf6 11. g4 c5 12. Bxe5 Qxe5 13. h4 Bb7 14. Bg2 h6
15. Kb1 Rb8 16. Qd3 O-O 17. g5 Nxe4 18. Bxe4 Bxe4 19. Qe3 d5 20. gxh6 f5 21.
hxg7 Rf7 22. b3 d4 23. Qh6 Rxg7 24. Nxe4 fxe4 25. Rhg1 Rb7 26. Rg5 Rxg5 27. hxg5
Rg7 28. Rh1 Kf7 29. Rg1 Qf5 30. Qh5+ Ke7 31. Qh4 Kd6 32. Qg3+ Qe5 33. Qh4 Qf5
34. Qh2+ Kd5 35. Qg3 Qf3 36. Qb8 Qxf2 37. Rh1 d3 38. Qd8+ Kc6 39. cxd3 exd3 40.
Qa8+ Kb6 41. Qb8+ Kc6 42. Qa8+ Kb6 43. Qb8+ Kc6 44. Qa8+ 1/2-1/2

[Event "Gibraltar Masters 2015"]
[Site "Caleta ENG"]
[Date "2015.01.29"]
[Round "3.27"]
[White "Anton Guijarro, David"]
[Black "Guo, Qi"]
[Result "1-0"]
[WhiteTitle "GM"]
[BlackTitle "IM"]
[WhiteElo "2617"]
[BlackElo "2439"]
[WhiteFideId "2285525"]
[BlackFideId "8604002"]
[EventDate "2015.01.27"]

1. d4 d5 2. c4 e6 3. Nf3 Nf6 4. e3 Be7 5. b3 O-O 6. Bb2 c5 7. Bd3 cxd4 8. exd4
b6 9. O-O Bb7 10. Nbd2 Nc6 11. Rc1 Rc8 12. Qe2 Re8 13. Rfd1 Bf8 14. Nf1 g6 15.
Ne3 Bg7 16. c5 Nd7 17. Qd2 bxc5 18. dxc5 d4 19. Nf1 e5 20. Ng3 Nf6 21. Ng5 Bh6
22. Bc4 Kg7 23. h4 Nb8 24. f4 Bxg5 25. hxg5 Ng4 26. fxe5 Nxe5 27. Bxd4 Kg8 28.
Bb5 Re6 29. Bb2 Qc7 30. Rf1 a6 31. Be2 Rd8 32. Qf4 Qc6 33. Rf2 Nbd7 34. Rd1 Rf8
35. b4 f6 36. Qd4 fxg5 37. Bc4 Rxf2 38. Bxe6+ Qxe6 39. Qxf2 Ng4 40. Qe2 Nde5 41.
Bxe5 Nxe5 42. Rd6 Qe7 43. a4 h5 44. Qa2+ Kh7 45. Qe6 Qg7 46. Qf6 1-0

[Event "Gibraltar Masters 2015"]
[Site "Caleta ENG"]
[Date "2015.01.29"]
[Round "3.28"]
[White "Teran Alvarez, Ismael"]
[Black "Lenderman, Aleksandr"]
[Result "0-1"]
[WhiteTitle "IM"]
[BlackTitle "GM"]
[WhiteElo "2430"]
[BlackElo "2614"]
[WhiteFideId "2204177"]
[BlackFideId "2021285"]
[EventDate "2015.01.27"]

1. e4 c6 2. d4 d5 3. e5 Bf5 4. h4 h5 5. c4 e6 6. Nc3 Ne7 7. Nge2 Nd7 8. Ng3 Bg6
9. Bg5 Qb6 10. Qd2 dxc4 11. Bxc4 O-O-O 12. Qe3 Qxb2 13. O-O Nb6 14. Bb3 Ned5 15.
Nxd5 Nxd5 16. Qf3 Rd7 17. Rad1 Bb4 18. Bc1 Qc3 19. Qe2 Be7 20. Ne4 Qb4 21. Rd3
Qb5 22. a4 Qa6 23. Bd2 Nf4 24. Bxf4 Rxd4 25. Rxd4 Qxe2 26. Nd6+ Bxd6 27. exd6 e5
28. Rd2 Qxf1+ 29. Kxf1 exf4 30. a5 Kd7 31. Bd1 Re8 32. a6 b6 33. Bf3 f6 34. Rd1
Bf7 35. Rc1 Rc8 36. Rd1 g6 37. Rd4 f5 38. Ke1 Re8+ 39. Kd1 Bd5 40. Bxd5 cxd5 41.
Rxd5 Re6 42. Rb5 Kxd6 43. Rb3 Re5 44. g3 Re4 45. Rc3 fxg3 46. fxg3 Ra4 0-1

[Event "Gibraltar Masters 2015"]
[Site "Caleta ENG"]
[Date "2015.01.29"]
[Round "3.29"]
[White "Bologan, Viktor"]
[Black "Nagy, Gabor1"]
[Result "1-0"]
[WhiteTitle "GM"]
[BlackTitle "IM"]
[WhiteElo "2608"]
[BlackElo "2410"]
[WhiteFideId "13900048"]
[BlackFideId "737119"]
[EventDate "2015.01.27"]

1. e4 c5 2. Nf3 d6 3. d4 cxd4 4. Nxd4 Nf6 5. Nc3 Nc6 6. Bg5 Bd7 7. Qd2 h6 8.
Bxf6 gxf6 9. O-O-O Nxd4 10. Qxd4 Qa5 11. Bc4 Rc8 12. Bb3 Qc5 13. Qd2 Bg7 14.
Rhe1 h5 15. Kb1 b5 16. f4 Bc6 17. Qd3 e6 18. Qh3 Kf8 19. f5 e5 20. Qd3 Ke7 21.
Qe2 a5 22. Nd5+ Kf8 23. a3 h4 24. Rd3 b4 25. a4 Bb7 26. Rh3 Bxd5 27. Bxd5 Ke7
28. Bb3 Qb6 29. Rd1 Bh6 30. Rhd3 Rcd8 31. Qh5 Rh7 32. Qxh4 Rhh8 33. Qh5 Rh7 34.
Qe2 Bg5 35. g3 Rh3 36. Rd5 Kf8 37. Qc4 Qa7 38. Rxa5 1-0

[Event "Gibraltar Masters 2015"]
[Site "Caleta ENG"]
[Date "2015.01.29"]
[Round "3.30"]
[White "Neelotpal, Das"]
[Black "Salem, A.R. Saleh"]
[Result "0-1"]
[WhiteTitle "GM"]
[BlackTitle "GM"]
[WhiteElo "2437"]
[BlackElo "2603"]
[WhiteFideId "5003512"]
[BlackFideId "9301348"]
[EventDate "2015.01.27"]

1. e4 c5 2. Nc3 d6 3. g3 Nc6 4. Bg2 g6 5. d3 Bg7 6. Be3 Nf6 7. h3 Nd4 8. Nce2 e5
9. c3 Nc6 10. f4 O-O 11. Nf3 exf4 12. gxf4 Re8 13. O-O Nh5 14. Qc2 h6 15. d4 Bf5
16. exf5 Rxe3 17. fxg6 fxg6 18. Rae1 cxd4 19. cxd4 Qf6 20. d5 Nb4 21. Qd2 Rae8
22. Ne5 Nc2 23. Ng4 Qxb2 24. Nxe3 Nxe1 25. Qxb2 Bxb2 26. Rxe1 Rxe3 27. Kf2 Ra3
28. Be4 Kf7 29. Rg1 Nxf4 30. Rb1 Nxe2 31. Rxb2 Nc3 32. Rxb7+ Kf6 33. Bf3 Rxa2+
34. Ke3 Ra3 35. Kf2 a5 36. h4 a4 37. Rd7 Nb5 38. Be2 Nd4 39. Rxd6+ Ke5 40. Rxg6
Ra2 41. d6 Rxe2+ 42. Kf1 Rd2 43. Rxh6 Nf5 44. Rh8 Kf4 45. Ra8 Kf3 46. Ke1 Rxd6
47. h5 Ne3 48. Rf8+ Kg4 49. Ra8 a3 50. Ke2 Nc2 51. Ra5 Kf4 52. Kf2 Re6 53. Kg1
Re5 0-1

[Event "Gibraltar Masters 2015"]
[Site "Caleta ENG"]
[Date "2015.01.29"]
[Round "3.31"]
[White "Mareco, Sandro"]
[Black "Santiago, Yago De Moura"]
[Result "0-1"]
[WhiteTitle "GM"]
[BlackTitle "IM"]
[WhiteElo "2583"]
[BlackElo "2406"]
[WhiteFideId "112275"]
[BlackFideId "2103877"]
[EventDate "2015.01.27"]

1. d4 e6 2. c4 d5 3. Nc3 Nf6 4. cxd5 exd5 5. Bg5 c6 6. e3 Be7 7. Bd3 O-O 8. Qc2
Nbd7 9. Nge2 Re8 10. O-O Nf8 11. Rad1 Be6 12. f3 Rc8 13. Bh4 Ng6 14. Bf2 Bd6 15.
Kh1 a6 16. Na4 Rc7 17. Ng3 Rce7 18. Nf5 Bxf5 19. Bxf5 Qb8 20. g3 Nf8 21. Nc3 g6
22. Bh3 c5 23. e4 dxe4 24. dxc5 Be5 25. Nxe4 Nxe4 26. fxe4 Bg7 27. Bg2 Nd7 28.
Be3 Ne5 29. b4 h6 30. Qb3 Ng4 31. Bf4 Be5 32. h3 g5 33. Qf3 Bxf4 34. gxf4 Nf6
35. e5 Nd7 36. Rd6 0-1

[Event "Gibraltar Masters 2015"]
[Site "Caleta ENG"]
[Date "2015.01.29"]
[Round "3.32"]
[White "Felgaer, Ruben"]
[Black "Padmini, Rout"]
[Result "1/2-1/2"]
[WhiteTitle "GM"]
[BlackTitle "WGM"]
[WhiteElo "2575"]
[BlackElo "2388"]
[WhiteFideId "107069"]
[BlackFideId "5029295"]
[EventDate "2015.01.27"]

1. e4 c5 2. Nc3 d6 3. Nge2 Nf6 4. g3 g6 5. d4 cxd4 6. Nxd4 Nc6 7. Nde2 Bg4 8.
Bg2 Ne5 9. f4 Nc6 10. Be3 Bg7 11. h3 Bxe2 12. Qxe2 O-O 13. O-O Nd7 14. Nd1 Qc7
15. c3 Rab8 16. Kh1 b5 17. Rc1 Rfc8 18. Nf2 Qd8 19. Rfd1 Qe8 20. b3 a5 21. c4 b4
22. h4 a4 23. h5 axb3 24. axb3 Nc5 25. Bxc5 dxc5 26. hxg6 e5 27. gxh7+ Kh8 28.
Bh3 Rd8 29. Rd5 Nd4 30. Qe3 f5 31. fxe5 Qh5 32. Rf1 Bh6 33. Qd3 fxe4 34. Qxe4
Nxb3 35. g4 Qh4 36. e6 Nd2 37. Rxd2 Rxd2 38. Qe5+ Kxh7 39. Qxb8 Rxf2 40. Rxf2
Qxf2 41. Qb7+ Kg8 42. Qe4 Be3 43. Qg6+ 1/2-1/2

[Event "Gibraltar Masters 2015"]
[Site "Caleta ENG"]
[Date "2015.01.29"]
[Round "3.33"]
[White "Bok, Benjamin"]
[Black "Codenotti, Marco"]
[Result "1-0"]
[WhiteTitle "GM"]
[BlackTitle "IM"]
[WhiteElo "2572"]
[BlackElo "2374"]
[WhiteFideId "1017063"]
[BlackFideId "800015"]
[EventDate "2015.01.27"]

1. e4 e5 2. Nf3 Nc6 3. Bb5 Nf6 4. d3 Bc5 5. c3 O-O 6. O-O d6 7. Nbd2 Bb6 8. Nc4
Ne7 9. Ba4 Ng6 10. Bc2 c6 11. Nxb6 Qxb6 12. Re1 Re8 13. a4 d5 14. a5 Qc7 15. Bg5
dxe4 16. dxe4 Nh5 17. Nh4 Nhf4 18. Nf5 h6 19. Bxf4 Nxf4 20. Qd6 Qd8 21. Qxd8
Rxd8 22. a6 Bxf5 23. exf5 bxa6 24. g3 Nd3 25. Bxd3 Rxd3 26. Re2 Rb8 27. Rxa6 Rf3
28. Rxc6 Rxf5 29. b4 Rb6 30. Rc5 Re6 31. Kg2 a6 32. Ra2 g5 33. h3 Rff6 34. Re2
e4 35. Rc4 Rf3 36. Rcxe4 Ref6 37. R4e3 R3f5 38. Re5 Rf3 39. R5e3 R3f5 40. c4 Rb6
41. Rb2 Kf8 42. Ra3 h5 43. Re3 Kg7 44. Ree2 Rb8 45. c5 Rf6 46. Re4 Rc6 47. Rc4
Rb5 48. Ra2 Kf6 49. Kf3 Ke5 50. Re4+ Kf5 51. Ke3 a5 52. Rxa5 Rcxc5 53. bxc5 Rxa5
54. Rc4 1-0

[Event "Gibraltar Masters 2015"]
[Site "Caleta ENG"]
[Date "2015.01.29"]
[Round "3.34"]
[White "Sengupta, Deep"]
[Black "Bellin, Robert"]
[Result "1-0"]
[WhiteTitle "GM"]
[BlackTitle "IM"]
[WhiteElo "2569"]
[BlackElo "2338"]
[WhiteFideId "5008352"]
[BlackFideId "400343"]
[EventDate "2015.01.27"]

1. d4 Nf6 2. c4 e6 3. g3 d5 4. Nf3 Be7 5. Bg2 O-O 6. O-O Nbd7 7. Qc2 c6 8. Rd1
b6 9. Nc3 Bb7 10. e4 Rc8 11. e5 Ne8 12. cxd5 cxd5 13. h4 b5 14. a3 a5 15. Qd3 b4
16. axb4 axb4 17. Ne2 Qb6 18. Bg5 f6 19. exf6 gxf6 20. Bh6 Rf7 21. Bh3 Bf8 22.
Bxf8 Nxf8 23. Nf4 Nc7 24. Nh2 Nd7 25. Rdc1 Re7 26. Qd2 Rce8 27. Ra4 Na6 28. Rca1
b3 29. Bf1 1-0

[Event "Gibraltar Masters 2015"]
[Site "Caleta ENG"]
[Date "2015.01.29"]
[Round "3.35"]
[White "Nakar, Eylon"]
[Black "Bogner, Sebastian"]
[Result "0-1"]
[WhiteTitle "IM"]
[BlackTitle "GM"]
[WhiteElo "2419"]
[BlackElo "2565"]
[WhiteFideId "2811111"]
[BlackFideId "4692055"]
[EventDate "2015.01.27"]

1. e4 c5 2. Nf3 e6 3. d4 cxd4 4. Nxd4 Nc6 5. Nc3 Qc7 6. Be3 a6 7. Qf3 Bb4 8.
O-O-O Nf6 9. Nxc6 bxc6 10. Bd4 Bd6 11. g3 e5 12. Be3 Be7 13. Bg5 O-O 14. Bc4 d6
15. Bxf6 Bxf6 16. Qd3 Rd8 17. f4 exf4 18. gxf4 d5 19. exd5 Qxf4+ 20. Kb1 Bf5 21.
Qf1 Qxf1 22. Rhxf1 Bh3 23. Rg1 Bxc3 24. bxc3 c5 25. Rg5 Rd6 26. Re1 Bd7 27. Kc1
Re8 28. Rxe8+ Bxe8 29. Re5 Kf8 30. Bd3 a5 31. c4 Bd7 32. Kd2 g6 33. Re1 Rb6 34.
a3 f6 35. Ke3 Ke7 36. h4 f5 37. Kf4+ Kf6 38. Rg1 h6 39. Re1 Rb8 40. Kf3 g5 41.
hxg5+ hxg5 42. Rh1 Ke5 43. Rh7 g4+ 44. Kf2 Rd8 45. Rh5 Bc8 46. Kg2 Rg8 47. Kg3
Bd7 48. Kg2 Rg7 49. Kg3 Rf7 50. Rg5 Re7 51. Rh5 Rg7 52. Kf2 Kd4 53. Kg3 Ke5 54.
Kf2 Kf4 55. Kg2 Re7 56. Rh8 Ke3 57. Rh1 Rf7 58. Re1+ Kd2 59. Re2+ Kc3 60. d6 Kd4
61. Rf2 Rf6 62. Re2 Rxd6 63. Kg3 Kc3 64. Re5 Rd4 65. Rxc5 f4+ 66. Kf2 a4 67. Rc7
Be6 68. Ra7 Bd7 69. Rc7 Kb2 70. c5 Be6 71. Re7 g3+ 72. Kg1 Bc4 73. Re4 Rxe4 74.
Bxe4 Kxa3 75. c6 Kb2 76. c7 Ba6 77. Bd3 Bc8 78. Kg2 a3 0-1

[Event "Gibraltar Masters 2015"]
[Site "Caleta ENG"]
[Date "2015.01.29"]
[Round "3.37"]
[White "Spraggett, Kevin"]
[Black "Paehtz, Thomas"]
[Result "0-1"]
[WhiteTitle "GM"]
[BlackTitle "GM"]
[WhiteElo "2538"]
[BlackElo "2365"]
[WhiteFideId "2600013"]
[BlackFideId "4611349"]
[EventDate "2015.01.27"]

1. c4 e6 2. Nf3 Nf6 3. Nc3 d5 4. d4 Bb4 5. e3 O-O 6. Bd3 c5 7. O-O Nc6 8. a3
Bxc3 9. bxc3 dxc4 10. Bxc4 Qc7 11. h3 e5 12. Ba2 Bf5 13. d5 Rad8 14. c4 e4 15.
Nh2 Ne5 16. Bb2 Qe7 17. Rb1 b6 18. Bc3 Rd6 19. Rb2 Nfd7 20. Kh1 Rh6 21. Rg1 Qd6
22. Rd2 Re8 23. Qf1 Nf6 24. Bxe5 Rxe5 25. g4 Bd7 26. Bb1 Ne8 27. Bc2 Qe7 28. Bd1
Nd6 29. a4 Qh4 30. Rg3 f5 31. a5 b5 32. cxb5 Bxb5 33. Be2 c4 34. Qa1 Qe7 35. g5
Rh4 36. Qd4 f4 37. exf4 Rxf4 38. Ng4 e3 39. Qxf4 exd2 40. Nxe5 c3 0-1

[Event "Gibraltar Masters 2015"]
[Site "Caleta ENG"]
[Date "2015.01.29"]
[Round "3.38"]
[White "Zwahr, Paul"]
[Black "Popilski, Gil"]
[Result "0-1"]
[WhiteTitle "FM"]
[BlackTitle "GM"]
[WhiteElo "2354"]
[BlackElo "2522"]
[WhiteFideId "24609749"]
[BlackFideId "2809060"]
[EventDate "2015.01.27"]

1. e4 c5 2. Nf3 d6 3. d4 Nf6 4. Nc3 cxd4 5. Nxd4 a6 6. Be3 e5 7. Nb3 Be6 8. f3
h5 9. Qd2 Nbd7 10. Nd5 Bxd5 11. exd5 Qc7 12. Na5 g6 13. Be2 Bg7 14. O-O h4 15.
c4 Nh5 16. Rfe1 f5 17. Rac1 b6 18. Nc6 O-O 19. b4 Rae8 20. a4 h3 21. a5 bxa5 22.
Nxa5 hxg2 23. c5 f4 24. Bf2 e4 25. Bd4 Bxd4+ 26. Qxd4 dxc5 27. Qf2 Ne5 28. Qxg2
Qb6 29. Nc6 cxb4+ 30. Kh1 Kg7 31. Nxe5 Ng3+ 32. Qxg3 fxg3 33. Rc6 Qf2 34. Rxg6+
Kh7 0-1

[Event "Gibraltar Masters 2015"]
[Site "Caleta ENG"]
[Date "2015.01.29"]
[Round "3.41"]
[White "Povah, Nigel E"]
[Black "Tarjan, James E"]
[Result "0-1"]
[WhiteTitle "IM"]
[BlackTitle "GM"]
[WhiteElo "2324"]
[BlackElo "2518"]
[WhiteFideId "400467"]
[BlackFideId "2000180"]
[EventDate "2015.01.27"]

1. d4 Nf6 2. Bg5 g6 3. Bxf6 exf6 4. e3 Bg7 5. c4 O-O 6. Nc3 f5 7. g3 c5 8. Nge2
Nc6 9. dxc5 Qa5 10. Rc1 Qxc5 11. b3 a6 12. Bg2 b5 13. Nd5 bxc4 14. Rxc4 Qa3 15.
Ra4 Qb2 16. O-O Rb8 17. Nef4 Qe5 18. Nd3 Qd6 19. Qc2 Rb5 20. Nc3 Rb8 21. Rd1 Rd8
22. Nd5 Rb5 23. Nb2 Qf8 24. Nc4 Bb7 25. Nc7 Rc5 26. Qd2 d5 27. Nxd5 Kh8 28. Qe2
Ne5 29. Nxe5 Bxe5 30. Nb6 Rxd1+ 31. Qxd1 Qd6 32. Qxd6 Rc1+ 33. Bf1 Bxd6 34. Rd4
Be5 35. Rd8+ Kg7 36. Nc4 Bf6 37. Rd7 Bc6 38. Rc7 Bf3 39. Rd7 Bc3 40. Nd2 Bc6 41.
Rd6 Bxd2 0-1

[Event "Gibraltar Masters 2015"]
[Site "Caleta ENG"]
[Date "2015.01.29"]
[Round "3.42"]
[White "Boruchovsky, Avital"]
[Black "Sorm, Daniel"]
[Result "1-0"]
[WhiteTitle "GM"]
[BlackTitle "FM"]
[WhiteElo "2517"]
[BlackElo "2319"]
[WhiteFideId "2800055"]
[BlackFideId "5400139"]
[EventDate "2015.01.27"]

1. d4 d5 2. c4 e6 3. Nc3 c6 4. e4 dxe4 5. Nxe4 Bb4+ 6. Bd2 Qxd4 7. Bxb4 Qxe4+ 8.
Ne2 Nd7 9. Qd6 c5 10. Bxc5 Nxc5 11. Qxc5 Nf6 12. f3 Qc6 13. Qxc6+ bxc6 14. Nc3
Kd8 15. O-O-O+ Kc7 16. Na4 h5 17. Bd3 h4 18. Rd2 Rh5 19. Bc2 Ba6 20. b3 Rd8 21.
Rxd8 Kxd8 22. f4 e5 23. Rd1+ Kc7 24. Re1 Nd7 25. Bd1 Rf5 26. Bg4 Rxf4 27. Bxd7
Kxd7 28. Nc5+ Kd6 29. Nxa6 c5 30. Kd1 Kc6 31. Nb8+ Kc7 32. Nd7 Rf2 33. Nxc5 f6
34. Nd3 Rxg2 35. Re2 Rg1+ 36. Kc2 Kc6 37. Rf2 Kd6 38. Kc3 a5 39. Kb2 Ke7 40. Nc5
g5 41. Ne4 g4 42. Nxf6 g3 43. hxg3 hxg3 44. Nd5+ Kd6 45. Rc2 g2 46. Kc3 Re1 47.
Rxg2 1-0

[Event "Gibraltar Masters 2015"]
[Site "Caleta ENG"]
[Date "2015.01.29"]
[Round "3.43"]
[White "Salomon, Johan"]
[Black "Debashis, Das"]
[Result "1/2-1/2"]
[WhiteTitle "FM"]
[BlackTitle "GM"]
[WhiteElo "2319"]
[BlackElo "2503"]
[WhiteFideId "1509500"]
[BlackFideId "5024854"]
[EventDate "2015.01.27"]

1. e4 c5 2. Nf3 d6 3. Bb5+ Bd7 4. Bxd7+ Qxd7 5. O-O Nf6 6. Qe2 Nc6 7. Rd1 g5 8.
c3 g4 9. Nh4 Qe6 10. d3 d5 11. Na3 O-O-O 12. Bg5 Rg8 13. Bxf6 Qxf6 14. g3 e6 15.
Nc2 h5 16. Ne3 Bh6 17. exd5 exd5 18. Nef5 Rde8 19. Qf1 Bg5 20. Re1 Re6 21. Qg2
Rd8 22. Rad1 Ne7 23. Nxe7+ Qxe7 24. Rxe6 fxe6 25. Re1 Qf6 26. Qf1 Bxh4 27. gxh4
Rf8 28. Qe2 Kd7 29. Qe3 b6 30. Re2 Kd6 31. Qg3+ Qf4 32. Qxf4+ Rxf4 33. Kg2 e5
34. Re3 d4 35. cxd4 cxd4 36. Rg3 Kd5 37. h3 gxh3+ 38. Rxh3 Rf7 39. Rf3 Rc7 40.
Rf5 Rc2 41. Rxh5 Rxb2 42. a4 Ke6 43. Rh7 a5 44. h5 Kf6 45. Kf3 Ra2 46. Ke4 Re2+
47. Kf3 Rd2 48. Ke4 1/2-1/2